[Event "INDONESIA OPEN CHESS CHAMPIONSHIP 2013"]
[Site "Grand Sahid Jaya Hotel, Jakart"]
[Date "2013.10.10"]
[Round "1.6"]
[White "Sokolov, Ivan"]
[Black "Tran Tuan, Minh"]
[Result "1-0"]
[WhiteElo "2636"]
[BlackElo "2344"]
[PlyCount "65"]
[EventDate "2013.10.10"]

1. d4 Nf6 2. c4 e6 3. Nc3 Bb4 4. e3 c5 5. Bd3 Nc6 6. Nge2 cxd4 7. exd4 d5 8.
cxd5 Nxd5 9. a3 Bd6 10. Ne4 Be7 11. O-O O-O 12. Bc2 e5 13. dxe5 Nxe5 14. Re1
Bg4 15. h3 Bh5 16. Bb3 Nf6 17. Qxd8 Raxd8 18. Nf4 Nd3 19. Nxd3 Rxd3 20. Bc2 Rd7
21. Ng3 Bg6 22. Ba4 Rc7 23. Bf4 Rc4 24. Bb3 Rxf4 25. Rxe7 Rb8 26. Rc1 Ne8 27.
Bd5 Nd6 28. Rd7 Rf6 29. Bxb7 h5 30. Bf3 h4 31. Nf1 Rxb2 32. Ne3 a6 33. Ng4 1-0

[Event "INDONESIA OPEN CHESS CHAMPIONSHIP 2013"]
[Site "Grand Sahid Jaya Hotel, Jakart"]
[Date "2013.10.10"]
[Round "1.10"]
[White "Gupta, Abhijeet"]
[Black "Pradeep, Kumar"]
[Result "1-0"]
[WhiteElo "2593"]
[BlackElo "2331"]
[PlyCount "87"]
[EventDate "2013.10.10"]

1. d4 Nf6 2. c4 e6 3. Nc3 Be7 4. e4 d6 5. Nf3 c5 6. d5 O-O 7. Bd3 e5 8. h3 Ne8
9. g4 Na6 10. Be3 Nac7 11. Qe2 Rb8 12. Rg1 a6 13. a4 Bd7 14. h4 Qc8 15. g5 Bg4
16. Qd1 f5 17. exf5 Bxf5 18. Be2 b5 19. Nd2 bxa4 20. Nxa4 Bd8 21. b3 Qb7 22.
Bg4 Qc8 23. Nc3 g6 24. Nce4 Be7 25. h5 Bxg4 26. Rxg4 gxh5 27. Rg1 Qh3 28. Qc2
Ng7 29. O-O-O Qf5 30. g6 hxg6 31. Bg5 Bd8 32. Bxd8 Rbxd8 33. Rg5 Qf4 34. Rxg6
Nce8 35. Rdg1 Rd7 36. R1g5 Nf6 37. Nxd6 Nh7 38. Rxh5 e4 39. N6xe4 Kh8 40. Rxh7+
Kxh7 41. Nf6+ Kh8 42. Nxd7 Re8 43. Qc3 Re7 44. Qh3+ 1-0

[Event "INDONESIA OPEN CHESS CHAMPIONSHIP 2013"]
[Site "Grand Sahid Jaya Hotel, Jakart"]
[Date "2013.10.10"]
[Round "1.12"]
[White "Grigoryan, Avetik"]
[Black "Tirto"]
[Result "1-0"]
[WhiteElo "2577"]
[BlackElo "2328"]
[PlyCount "85"]
[EventDate "2013.10.10"]

1. d4 Nf6 2. c4 e6 3. g3 d5 4. Bg2 Bb4+ 5. Nd2 O-O 6. Ngf3 c5 7. a3 Bxd2+ 8.
Qxd2 Nc6 9. cxd5 exd5 10. dxc5 Ne4 11. Qc2 Qa5+ 12. Bd2 Qxc5 13. Qxc5 Nxc5 14.
Be3 Nb3 15. Rd1 Rd8 16. Rd3 Nba5 17. Nd4 Nc4 18. Bc1 N4e5 19. Rd1 Nxd4 20. Rxd4
Be6 21. b3 Nc6 22. Rd3 d4 23. Bb2 Bf5 24. Rd2 Be6 25. b4 Bd5 26. O-O Bxg2 27.
Kxg2 Rd5 28. e4 Re5 29. f3 a5 30. Bxd4 Rb5 31. Bc3 axb4 32. axb4 Ra3 33. Rc1 h6
34. h4 Rb3 35. g4 h5 36. g5 Nxb4 37. Bxb4 R5xb4 38. Rd8+ Kh7 39. Rc7 Rb1 40.
Rxf7 R4b2+ 41. Kg3 Rg1+ 42. Kf4 Rh2 43. Rdd7 1-0

[Event "INDONESIA OPEN CHESS CHAMPIONSHIP 2013"]
[Site "Grand Sahid Jaya Hotel, Jakart"]
[Date "2013.10.10"]
[Round "1.24"]
[White "Gomez John, Paul"]
[Black "Emperado, Emmanuel"]
[Result "1-0"]
[WhiteElo "2511"]
[BlackElo "2297"]
[PlyCount "59"]
[EventDate "2013.10.10"]

1. d4 Nf6 2. c4 e6 3. Nc3 Bb4 4. e3 O-O 5. Bd3 c5 6. Nge2 cxd4 7. exd4 b6 8.
O-O Bb7 9. d5 Na6 10. a3 Be7 11. Bc2 Qc7 12. b3 exd5 13. Bf4 Qc5 14. b4 Qxc4
15. Bb3 Qc8 16. Rc1 Qd8 17. Nxd5 Nxd5 18. Bxd5 Bc6 19. Qd3 b5 20. Rfd1 Nb8 21.
Qe4 Qe8 22. Nc3 Bf6 23. Qf3 Bxc3 24. Rxc3 Bxd5 25. Qxd5 Qe2 26. Re3 Qc2 27. Bd6
Rc8 28. Re7 Qg6 29. Qxa8 Qxd6 30. Ree1 1-0

[Event "INDONESIA OPEN CHESS CHAMPIONSHIP 2013"]
[Site "Grand Sahid Jaya Hotel, Jakart"]
[Date "2013.10.11"]
[Round "2.14"]
[White "Pham, Le Thao Nguyen"]
[Black "Vaibhav, Suri"]
[Result "0-1"]
[WhiteElo "2389"]
[BlackElo "2527"]
[PlyCount "146"]
[EventDate "2013.10.10"]

1. d4 Nf6 2. Bf4 d5 3. e3 e6 4. Nf3 c5 5. c3 Nc6 6. Nbd2 Bd6 7. Bg3 O-O 8. Bd3
b6 9. Ne5 Ne7 10. f4 Bb7 11. Bh4 Ne4 12. Bxe4 dxe4 13. Bxe7 Qxe7 14. O-O f6 15.
Ng4 Ba6 16. Re1 cxd4 17. Nxe4 Bc7 18. Ng3 f5 19. Qa4 fxg4 20. Qxa6 dxe3 21. Qe2
Bxf4 22. Qxg4 Bh6 23. Re2 Rf4 24. Qh5 Raf8 25. Rxe3 R4f5 26. Nxf5 Rxf5 27. Qh3
Qc5 28. Rae1 Re5 29. Kf2 Bxe3+ 30. Rxe3 Rf5+ 31. Kg1 Qb5 32. Rf3 Qxb2 33. Rxf5
exf5 34. Qxf5 Qa1+ 35. Qf1 Qxa2 36. h3 Qd5 37. Kh1 h6 38. Qa6 Qd1+ 39. Kh2 Qd7
40. Kh1 Kf8 41. Qe2 Qd5 42. Qa6 Qd1+ 43. Kh2 Qd7 44. Kh1 Ke7 45. Qe2+ Kd8 46.
Qa6 Qe7 47. Qd3+ Kc8 48. Qc4+ Kd8 49. Qd3+ Qd7 50. Qa6 Qc7 51. Qd3+ Kc8 52.
Qf5+ Kb8 53. Qf8+ Kb7 54. Qf3+ Ka6 55. Qd3+ b5 56. Qd4 g5 57. Qf6+ Qb6 58. Qf3
Qe6 59. Qd3 Kb6 60. Qd4+ Kb7 61. Qg7+ Ka6 62. Qd4 Qe1+ 63. Kh2 Qe7 64. Kh1 Qe1+
65. Kh2 Qe6 66. Kh1 Qc6 67. Qe3 Qc4 68. Qe5 Qf1+ 69. Kh2 Qf4+ 70. Qxf4 gxf4 71.
h4 Kb6 72. g4 fxg3+ 73. Kxg3 a5 0-1

[Event "INDONESIA OPEN CHESS CHAMPIONSHIP 2013"]
[Site "Grand Sahid Jaya Hotel, Jakart"]
[Date "2013.10.11"]
[Round "2.34"]
[White "Batchuluun, Tsegmed"]
[Black "Surya, Wahyudi"]
[Result "1-0"]
[WhiteElo "2529"]
[BlackElo "2279"]
[PlyCount "89"]
[EventDate "2013.10.10"]

1. d4 Nf6 2. c4 e6 3. g3 d5 4. Nf3 dxc4 5. Bg2 Nc6 6. Qa4 Bb4+ 7. Bd2 Nd5 8.
Bxb4 Ndxb4 9. O-O Bd7 10. a3 b5 11. Qxb5 Nc2 12. Ra2 N6xd4 13. Qc5 Qe7 14.
Qxe7+ Kxe7 15. Nc3 Bc6 16. Ne5 Bxg2 17. Kxg2 f6 18. Nxc4 Nb3 19. e3 Rhd8 20.
Kf3 Rd7 21. Ke2 Rad8 22. h4 h5 23. Rg1 c6 24. Kf3 Rd5 25. Nxd5+ cxd5 26. Na5
Nxa5 27. b4 Nxe3 28. fxe3 Nc4 29. a4 Rb8 30. b5 Kd6 31. Ke2 f5 32. Rb1 Kc5 33.
Rc1 g5 34. hxg5 Rg8 35. Kf3 Rxg5 36. Rh2 Kb4 37. Rch1 Rg4 38. Rxh5 Nd2+ 39. Kg2
Ne4 40. Rb1+ Kc5 41. Rc1+ Kb4 42. Rb1+ Kc5 43. Rh3 Nd6 44. Rh7 Rxa4 45. Rc7+
1-0

[Event "INDONESIA OPEN CHESS CHAMPIONSHIP 2013"]
[Site "Grand Sahid Jaya Hotel, Jakart"]
[Date "2013.10.11"]
[Round "2.37"]
[White "Davletbayeva, Madina"]
[Black "Milliet, Sophie"]
[Result "1/2-1/2"]
[WhiteElo "2259"]
[BlackElo "2399"]
[PlyCount "52"]
[EventDate "2013.10.10"]

1. e4 c5 2. Nf3 d6 3. Bb5+ Nd7 4. c3 Ngf6 5. Qe2 a6 6. Ba4 g6 7. O-O Bg7 8. d4
cxd4 9. cxd4 b5 10. Bb3 Nb6 11. Nc3 b4 12. Na4 Bd7 13. Nxb6 Qxb6 14. e5 Bb5 15.
Qe1 Nd7 16. Qe4 Bc6 17. Qf4 O-O 18. Ng5 e6 19. Qh4 h6 20. Nxe6 fxe6 21. Bxe6+
Kh7 22. Bxh6 Bxh6 23. Qe7+ Bg7 24. Qh4+ Bh6 25. Qe7+ Bg7 26. Qh4+ Bh6 1/2-1/2